[Event "Hyderabad Singh Ji Memorial"]
[Site "Hyderabad"]
[Date "2023.01.12"]
[Round "5"]
[White "Jai, Sankar Subramanian"]
[Black "Laxman, Rajaram"]
[Result "0-1"]
[WhiteElo "1746"]
[BlackElo "2372"]
[PlyCount "142"]
[EventDate "2023.01.10"]
[EventType "swiss"]
[EventRounds "9"]
[EventCountry "IND"]
[SourceTitle "CBM 212 Extra"]
[Source "ChessBase"]
[SourceDate "2023.03.31"]
[SourceVersion "1"]
[SourceVersionDate "2023.03.31"]
[SourceQuality "1"]

1. e4 e5 2. Nf3 Nc6 3. Bc4 Bc5 4. c3 Nf6 5. d3 d6 6. Nbd2 a6 7. Bb3 Ba7 8. h3 h6 9. 0-0 0-0 10. Re1 Be6 11. Nf1 Re8 12. Ng3 d5 13. exd5 Bxd5 14. Ne4 Nh7 15. Be3 Bxe3 16. Rxe3 Nf8 17. Ned2 Qd7 18. Bxd5 Qxd5 19. Qb3 Qxb3 20. Nxb3 Nd7 21. Rae1 Kf8 22. d4 exd4 23. Rxe8+ Rxe8 24. Rxe8+ Kxe8 25. Nbxd4 Nxd4 26. Nxd4 Nc5 27. Nf5 g6 28. Ne3 Nd3 29. Nd1 Ke7 30. Kf1 Ke6 31. Ke2 Nf4+ 32. Kf3 Ke5 33. g3 Ne6 34. Ke3 g5 35. b3 b5 36. Nb2 Kd5 37. Nd3 c5 38. f4 f6 39. Nf2 gxf4+ 40. gxf4 Ng7 41. Ng4 Nf5+ 42. Kf3 Ke6 43. Nf2 Nd6 44. Ne4 Nb7 45. Ke3 f5 46. Nd2 Nd6 47. Kd3 Ne8 48. c4 b4 49. Ke3 Nd6 50. Kf3 Kf6 51. Ke3 Kg6 52. Kf3 Kh5 53. Nf1 Kg6 54. Ng3 a5 55. Ke3 a4 56. Kd3 a3 57. Kc2 Nb7 58. h4 Na5 59. h5+ Kf6 60. Ne2 Ke6 61. Nc1 Nc6 62. Ne2 Ne7 63. Kd3 Nc8 64. Ke3 Nd6 65. Nc1 Ne4 66. Nd3 Kd6 67. Nc1 Nf6 68. Nd3 Nxh5 69. Ne5 Nf6 70. Nf7+ Ke6 71. Ne5 Ng4+ 0-1

[Event "IND-ch U18 31st"]
[Site "Pollachi"]
[Date "2022.04.19"]
[Round "3"]
[White "Harshad, S."]
[Black "Jai, Sankar Subramanian"]
[Result "1-0"]
[WhiteElo "2272"]
[BlackElo "1718"]
[PlyCount "75"]
[EventDate "2022.04.18"]
[EventType "swiss"]
[EventRounds "11"]
[EventCountry "IND"]
[SourceTitle "EXT 2023"]
[Source "ChessBase"]
[SourceDate "2022.10.05"]
[SourceVersion "1"]
[SourceVersionDate "2022.10.05"]
[SourceQuality "1"]

1. e4 e6 2. d4 d5 3. Nc3 Bb4 4. e5 c5 5. a3 Bxc3+ 6. bxc3 Qc7 7. Qg4 Ne7 8. Qxg7 Rg8 9. Qxh7 cxd4 10. Qd3 Qxe5+ 11. Ne2 dxc3 12. Qxc3 Nbc6 13. Qxe5 Nxe5 14. Ng3 Bd7 15. Nh5 0-0-0 16. h4 Nf5 17. Bg5 Rdf8 18. Nf6 Rh8 19. f4 Nc4 20. Bd3 Nfd6 21. h5 Bc6 22. h6 e5 23. fxe5 Nxe5 24. h7 Ng6 25. Bh6 Ne4 26. Bxe4 dxe4 27. Bxf8 Nxf8 28. 0-0-0 Nd7 29. Ng8 Ne5 30. Rh5 Ng4 31. Rf1 e3 32. Rxf7 Nf2 33. Re5 a6 34. Rxe3 Ng4 35. Ne7+ Kb8 36. Nxc6+ bxc6 37. Re6 a5 38. Rg6 1-0